Lord of the Rings Trivia #5 - Statistics

General Stats
  • This quiz has been taken 174 times
  • The average score is 7 of 15
Answer Stats
Hint Answer % Correct
Galadriel is married to who? Celeborn
97%
What was the last surviving offspring of Ungoliant? Shelob
84%
Who is Tom Bombadil married to? Goldberry
75%
What fortress in Mirkwood was the base of the defilement of Mirkwood? Dol Guldur
74%
How many names does Turin have, including Turin? Too many
69%
What were the most precious items ever in Arda? The Silmarils
65%
What Orc Tower is guarding the Torech Ungol? Cirith Ungol
49%
King Thingol was married to who? Melian
42%
The Black Gate is also known as... Morannon
39%
What pool was Sam, Frodo, and Gollum taken to during their capture at Ithilien? The Forbidden Pool
35%
Who battled Sauron in a duel of songs at Minas Tirith (the one in Beleriand, not Gondor) Finrod Felagund
29%
The capital of Doriath is what? Menegroth
29%
Last King of Dale before Smaug came in? Girion
24%
The last King of Nargothrond was whom? Orodreth
22%
Beren has to climb which mountains to get in Doriath? Ered Gorgoroth
16%
No matching quizzes found
Score Distribution
Percent of People with Each Score
Percentile by Number Answered
Your Score History
You have not taken this quiz